تاثیر و تنقید / (Record no. 196611)

MARC details
000 -LEADER
fixed length control field 00591nam a22001937a 4500
005 - DATE AND TIME OF LATEST TRANSACTION
control field 20230718152016.0
010 ## - LCCN (DPL NO)
LC control number UR-12077
020 ## - INTERNATIONAL STANDARD BOOK NUMBER
International Standard Book Number 9789383239412
Terms of availability 225.00
035 ## - SYSTEM CONTROL NUMBER
System control number U-10632
037 ## - SOURCE OF ACQUISITION
Source of stock number/acquisition DBAD/PUB
082 ## - DEWEY DECIMAL CLASSIFICATION NUMBER
Classification number 841
100 ## - MAIN ENTRY--PERSONAL NAME
Personal name اطہر سلطا نہ
245 ## - TITLE STATEMENT
Title تاثیر و تنقید /
Statement of responsibility, etc اطہر سلطا نہ
246 ## - VARYING FORM OF TITLE
Title proper/short title Taseer-wo Tanqeed /
Remainder of title by Athar Sultana
260 ## - PUBLICATION, DISTRIBUTION, ETC. (IMPRINT)
Place of publication, distribution, etc New Delhi
Name of publisher, distributor, etc Applied Books
Date of publication, distribution, etc 2016 ء
270 ## - ADDRESS
Address 1739/10, Pataudi House, Darya Ganj
City New Delhi
Postal code 110002
300 ## - PHYSICAL DESCRIPTION
Extent 143ص
Dimensions 22cm(pbk)
942 ## - ADDED ENTRY ELEMENTS (KOHA)
Source of classification or shelving scheme Dewey Decimal Classification
Item type Urdu Bks
Classification part 841
Call number suffix ا ط ہ
Holdings
Withdrawn status Lost status Not for loan Collection code Home library Current library Date acquired Source of acquisition Cost, normal purchase price Full call number Barcode Copy number Cost, replacement price Koha item type
      Non-fiction Ashok Vihar Ashok Vihar 18/07/2023 DBAD/PUB 225.00 841 ا ط ہ U-10632 1 225.00 Urdu Bks

© Delhi Public Library
Hit Counter
free hit counter